Statystyki dla Największe miasta na literę R

Kliknij tutaj aby rozwiązać quiz!

Ogólne statystyki

  • Ten quiz został rozwiązany 31 razy
  • Średni wynik to 3 z 10

Statystyki odpowiedzi

PopulacjaMiasto% Poprawnych
2,3 mlnRzym
84%
6 mlnRio de Janeiro
55%
4,2 mlnRijad
48%
1,6 mlnRabat
42%
1 mlnRostów nad donem
26%
1,4 mlnRecife
19%
1,7 mlnRawalpindi
16%
1,1 mlnRosario
16%
1,3 mlnRadźkot
3%
1,1 mlnRanchi
0%

Rozkład punktacji

Percentyl według liczby udzielonych odpowiedzi

Procent ludzi z każdym wynikiem

Twoja historia wyników

Nie rozwiązałeś tego quizu